Countries by Sauce - Statistics

General Stats
  • This quiz has been taken 53 times
  • The average score is 12 of 20
Answer Stats
Picture Hint Answer % Correct
Ketchup China, United States
95%
Soy Sauce China
88%
Mayonnaise France
84%
Pesto Italy
84%
Salsa Mexico
84%
Mustard France
77%
Bechamel France
74%
Tzatziki Greece
74%
Hummus Syria, Israel, Palestine, Lebanon, Egypt
74%
Teriyaki Japan
70%
Hoisin China
63%
Tartare France
60%
Mole Mexico
53%
Sriracha Thailand
49%
Fish Sauce Vietnam
49%
Chimichurri Argentina, Uruguay, Paraguay
40%
Adobo The Philippines
40%
Harissa Tunisia
40%
Tare Japan
28%
Jeow Som Laos
16%
No matching quizzes found
Score Distribution
Percent of People with Each Score
Percentile by Number Answered
Your Score History
You have not taken this quiz